LEADER 00822nam a2200229 i 4500 001 000000172617 003 CaOOAMICUS 005 20080619000000.0 008 080619s1945 it u000 u ita u 013 $a150059 040 $aSeMil$bita 100 1 $aRivière, Jacques,$d<1886-1925>.$0(OLS)http://semarc/name/42578 240 10$aÉtudes.$0(OLS)http://semarc/title/3786 245 10$aStudi /$cJacques Rivière. 260 $aMilano :$bBompiani,$c1945. 300 $a202 p. ;$c22 cm. 490 0 $aPortico : critica e saggi ;$v2 830 0$aPortico ;$v2.$0(OLS)http://semarc/title/18498 850 $aSeMil 852 $aSeMil$W1$xVenegono$y1$m1W V 96$j123471$B123471$CSeMilBibl$Z2$F134624 $81 996 $6245$aStudi$9(OLS)http://semarc/title/8721 996 $6260$aMilano :$bBompiani$9(OLS)http://semarc/publisher/29706 LEADER 01227nam a2200277 4500 001 000000355520 003 CaOOAMICUS 005 20231002145916.0 008 230929s1989 it a 000 u ita r 020 $a88-220-0187-7 040 $aSeMil$bita 100 1 $aRosnay, Joël : de.$0(OLS)http://semarc/name/118354 240 12$aL'aventure du vivant.$0(OLS)http://semarc/title/445726 245 12$aL'avventura del vivente :$bche cos'é la vita? da dove viene la vita? dove va la vita? /$cJoël De Rosnay. 264 1$aBari :$bDedalo,$c1989. 300 $a272 p. :$bill. ;$c21 cm 490 1 $aLa scienza nuova ;$v87 650 4$aUomo - Saggi.$0(OLS)http://semarc/subject/13911 830 3$aLa scienza nuova ;$v87.$0(OLS)http://semarc/title/7055 850 $aSeMil 852 $aSeMil$W1$xVenegono$y1$m3X II 267$j244466$B246778$CSeMilBibl$Z2$F246778 $81 961 $aPolezzo Stefanin - Lascito 996 $6020$a88-220-0187-7$9(OLS)http://semarc/number/298995 996 $6245$aL'avventura del vivente :$bche cos'é la vita? da dove viene la vita? dove va la vita?$9(OLS)http://semarc/title/445727 996 $6264$aBari :$bDedalo$9(OLS)http://semarc/publisher/30763